书目信息 |
| 题名: |
国民党新军阀混战史略
|
|
| 作者: | 张同新 编著 | |
| 分册: | ||
| 出版信息: | 哈尔滨 黑龙江人民出版社 1982 |
|
| 页数: | 497页 | |
| 开本: | 19cm | |
| 丛书名: | ||
| 单 册: | ||
| 中图分类: | K263.5 | |
| 科图分类: | ||
| 主题词: | 中国--历史 , 军阀战争-中国国民党--1927~1937--史料 | |
| 电子资源: | ||
| ISBN: | ||
| 000 | 00757nam0 2200253 45 | |
| 001 | 0182000861 | |
| 005 | 20060425155533.56 | |
| 010 | @dCNY1.35 | |
| 091 | @a11093.89 | |
| 100 | @a19950623d1982 em y0chiy0121 ea | |
| 101 | 0 | @achi |
| 102 | @aCN@b230000 | |
| 105 | @ay z 000yy | |
| 200 | 10 | @a国民党新军阀混战史略@Aguo min dang xin jun fa hun zhan shi lue@f张同新编著@Fzhang tong xin bian zhu |
| 210 | @a哈尔滨@c黑龙江人民出版社@d1982 | |
| 215 | @a497页@d19cm | |
| 601 | 02 | @a中国国民党@x军阀战争@z1927~1937@x史料 |
| 606 | 0 | @a中国@x历史 |
| 606 | @a军阀战争-中国国民党@z1927~1937@x史料 | |
| 690 | @aK263.5@v4 | |
| 701 | 0 | @a张同新@Azhang tong xin@4编著 |
| 801 | 2 | @aCN@bNLC@c20060425 |
| 801 | 0 | @aCN@b上海图书馆@c20040518 |
| 905 | @dK263.5@e5 | |
| 国民党新军阀混战史略/张同新编著.-哈尔滨:黑龙江人民出版社,1982 |
| 497页;19cm |
| ISBN :CNY1.35 |
| ● |
| 相关链接 |
|
|
|
|
正题名:国民党新军阀混战史略
索取号:K263.5/5
 
预约/预借
| 序号 | 登录号 | 条形码 | 馆藏地/架位号 | 状态 | 备注 |
| 1 | 0091852 | 000352576 | 第二样本阅览室/ [索取号:K263.5/5] | 在馆 | |
| 2 | 0091853 | 000352647 | 第二借阅区/ [索取号:K263.5/5] | 在馆 | |
| 3 | 0091854 | 202287569 | 密集书库/ [索取号:K263.5/5] | 在馆 |